| 000 | 00509nam a22001697a 4500 | ||
|---|---|---|---|
| 999 |
_c264500 _d264499 |
||
| 003 | OSt | ||
| 005 | 20240916152247.0 | ||
| 008 | 240916b xxu||||| |||| 00| 0 eng d | ||
| 020 | _a9781412992428 | ||
| 040 | _cN/A | ||
| 050 |
_a HF 5549 _b.L825 |
||
| 100 | _aRobert N Lussier & John R Hendon | ||
| 245 |
_aHuman Resource Management : _bFunctions, Applications ,Skill Development. _cLussier,N, Robert. |
||
| 260 |
_aNew York _bSage Publications _c2013 |
||
| 300 | _aill;.588 page has index | ||
| 942 |
_2lcc _cBK |
||